[Event "III Memorial Dario Ruzzier"]
[Site "Udine ITA"]
[Date "2007.10.20"]
[Round "4"]
[White "Sorgo, Roberto"]
[Black "Canciani, Sardo"]
[Result "1-0"]
[WhiteElo "1835"]
[BlackElo "1550"]
[PlyCount "105"]
[EventDate "2007.09.22"]

1. d4 Nf6 2. Nf3 d6 3. Bg5 h6 4. Bxf6 exf6 5. e3 g6 6. Bd3 Bg7 7. Nbd2 O-O 8.
O-O b6 9. Re1 Bb7 10. c3 Re8 11. e4 Nd7 12. Qb3 Re7 13. Nh4 Nf8 14. g3 Qd7 15.
f4 Rae8 16. f5 Kh7 17. Qc2 g5 18. Ng2 Kg8 19. Kf2 d5 20. Ne3 dxe4 21. Bf1 h5
22. Bg2 g4 23. h3 Bh6 24. Ndf1 gxh3 25. Bxh3 Nh7 26. Bg2 Ng5 27. Rad1 Nf3 28.
Bxf3 exf3 29. c4 Re4 30. d5 Qe7 31. Rd3 Bg5 32. Kxf3 h4 33. gxh4 Bxh4 34. Qg2+
Bg5 35. b3 Qe5 36. Qg3 Qxg3+ 37. Nxg3 R4e7 38. Re2 a5 39. Ng4 Rxe2 40. Nxe2 Rd8
41. Ng3 c6 42. Ne4 Kg7 43. Nc3 Kf8 44. Ne3 Bxe3 45. Kxe3 Ke7 46. Kd4 cxd5 47.
cxd5 Ba6 48. Re3+ Kd6 49. Ne4+ Kc7 50. Rc3+ Kb8 51. Nxf6 Bb7 52. Ke5 Bc8 53.
Rg3 1-0

[Event "III Memorial Dario Ruzzier"]
[Site "Udine ITA"]
[Date "2007.10.20"]
[Round "4"]
[White "Zarattini, Luciano"]
[Black "Paravan, Luca"]
[Result "1-0"]
[WhiteElo "1458"]
[BlackElo "1440"]
[PlyCount "39"]
[EventDate "2007.09.22"]

1. Nf3 e6 2. g3 d5 3. Bg2 Nc6 4. O-O Bd7 5. d3 Qc8 6. e4 d4 7. e5 f6 8. Bf4
fxe5 9. Nxe5 Nxe5 10. Bxe5 Bd6 11. Bxg7 e5 12. Bxh8 Bh3 13. Qh5+ Kd8 14. Bxh3
Qb8 15. Qxh7 Ne7 16. Bf6 c6 17. Qh8+ Kc7 18. Qxb8+ Rxb8 19. Nd2 Rf8 20. Ne4 1-0

[Event "IV Torneo A Settembre Vomero"]
[Site "Napoli ITA"]
[Date "2007.09.27"]
[Round "1"]
[White "Capozzoli, Silvio"]
[Black "Della Corte, Alessandro"]
[Result "0-1"]
[WhiteElo "1970"]
[BlackElo "2260"]
[PlyCount "92"]
[EventDate "2007.09.27"]

1. e4 e5 2. d4 exd4 3. Nf3 Bb4+ 4. c3 dxc3 5. bxc3 Bc5 6. Bc4 d6 7. Qb3 Qe7 8.
O-O Nc6 9. Bg5 Nf6 10. Nbd2 O-O 11. e5 dxe5 12. Bd5 Be6 13. Bxe6 Qxe6 14. Qxe6
fxe6 15. Rfe1 Rad8 16. Ne4 Nxe4 17. Rxe4 Rd3 18. Bh4 Rxc3 19. Nxe5 Nxe5 20.
Rxe5 Rc4 21. Rxc5 Rxc5 22. Be7 Rc2 23. Bxf8 Kxf8 24. Kf1 Ke7 25. a4 Rc5 26. Rb1
b6 27. Rb4 Rc2 28. Rh4 h6 29. Rg4 g5 30. h4 Kf6 31. Rd4 Ke5 32. Rg4 Kf5 33. f3
c5 34. Re4 a6 35. g4+ Kf6 36. hxg5+ hxg5 37. f4 b5 38. fxg5+ Kxg5 39. Rxe6 b4
40. Ke1 a5 41. Kd1 b3 42. Ra6 Kxg4 43. Rxa5 Kf3 44. Ra8 Ke3 45. Rd8 Ra2 46. Rb8
Ra1# 0-1

[Event "IV Torneo A Settembre Vomero"]
[Site "Napoli ITA"]
[Date "2007.09.27"]
[Round "1"]
[White "Chiummo, Sergio"]
[Black "Longobardi, Giuseppe"]
[Result "1/2-1/2"]
[WhiteElo "1939"]
[BlackElo "2017"]
[PlyCount "55"]
[EventDate "2007.09.27"]

1. c4 c5 2. Nc3 b6 3. Nf3 Nc6 4. g3 Bb7 5. Bg2 Nd4 6. O-O Nxf3+ 7. exf3 Nf6 8.
d4 cxd4 9. Qxd4 g6 10. Re1 Bg7 11. Qd3 O-O 12. Ne4 Qc7 13. Re2 Ba6 14. Rc2 d6
15. Bg5 Nxe4 16. fxe4 h6 17. Be3 Rac8 18. Rac1 Rfd8 19. Qa3 Bb7 20. Qxa7 Ra8
21. Qxb6 Qb8 22. c5 dxc5 23. Qxc5 Rc8 24. Qxe7 Rxc2 25. Rxc2 Rxa2 26. Qc7 Qxc7
27. Rxc7 Rxb2 28. h4 1/2-1/2

[Event "IV Torneo A Settembre Vomero"]
[Site "Napoli ITA"]
[Date "2007.09.27"]
[Round "1"]
[White "De Rosa, Francesco"]
[Black "Supino, Domenico"]
[Result "1/2-1/2"]
[WhiteElo "1911"]
[BlackElo "1972"]
[PlyCount "67"]
[EventDate "2007.09.27"]

1. d4 d5 2. c4 e6 3. Nc3 c5 4. e3 Nf6 5. cxd5 Nxd5 6. Nf3 Nc6 7. Bb5 Nxc3 8.
bxc3 cxd4 9. exd4 Qa5 10. a4 a6 11. Bxc6+ bxc6 12. Bd2 Qc7 13. O-O Bd6 14. Re1
O-O 15. Qc2 c5 16. Qe4 Bb7 17. Qg4 Bxf3 18. gxf3 Bxh2+ 19. Kg2 Bd6 20. Qh5 Bf4
21. Rh1 h6 22. Bxf4 Qxf4 23. Qxc5 Rac8 24. Qa5 Rc6 25. Rh5 Rfc8 26. Rd1 Rxc3
27. Rh3 Qg5+ 28. Qxg5 hxg5 29. d5 Rd8 30. Rdh1 Kf8 31. dxe6 fxe6 32. Rh8+ Ke7
33. Rxd8 Kxd8 34. Re1 1/2-1/2

[Event "IV Torneo A Settembre Vomero"]
[Site "Napoli ITA"]
[Date "2007.09.27"]
[Round "1"]
[White "Ficco, Corrado"]
[Black "Altieri, Danilo Mario"]
[Result "1/2-1/2"]
[WhiteElo "2158"]
[BlackElo "1967"]
[PlyCount "80"]
[EventDate "2007.09.27"]

1. e4 d5 2. exd5 Nf6 3. c4 c6 4. d4 cxd5 5. Nc3 e6 6. c5 Nc6 7. Bb5 Bd7 8. Nf3
Qc7 9. O-O Be7 10. Bxc6 Bxc6 11. Ne5 O-O 12. Bf4 Qd8 13. Re1 Nd7 14. b4 Nxe5
15. Bxe5 Bf6 16. Bd6 Re8 17. a4 a6 18. Qd3 b5 19. axb5 Bxb5 20. Nxb5 axb5 21.
f4 Qd7 22. g3 Qc6 23. Kg2 g6 24. Qc3 Bg7 25. Rxa8 Rxa8 26. Ra1 Rd8 27. Qd3 Bf8
28. Bxf8 Kxf8 29. Ra5 Rb8 30. Qa3 Qc7 31. Ra8 Rxa8 32. Qxa8+ Ke7 33. Kf3 h5 34.
Kg2 h4 35. Kh3 hxg3 36. hxg3 Kf6 37. Qh8+ Ke7 38. Qh4+ Ke8 39. Qf6 Qa7 40. Qe5
Qa1 1/2-1/2

[Event "IV Torneo A Settembre Vomero"]
[Site "Napoli ITA"]
[Date "2007.09.27"]
[Round "1"]
[White "Improta, Giovanni"]
[Black "Iodice, Fabio"]
[Result "0-1"]
[WhiteElo "1935"]
[BlackElo "1986"]
[PlyCount "112"]
[EventDate "2007.09.27"]

1. e4 c6 2. d4 d5 3. Nd2 dxe4 4. Nxe4 Bf5 5. Ng3 Bg6 6. Nf3 Nd7 7. Nh4 Ngf6 8.
Nxg6 hxg6 9. Be3 e6 10. c3 Bd6 11. f4 Qc7 12. Qf3 Nd5 13. Ne2 Nxe3 14. Qxe3 Nf6
15. g3 Nd5 16. Qf2 O-O-O 17. Bg2 Kb8 18. a3 Nf6 19. Bf3 c5 20. Qg2 cxd4 21.
cxd4 Qa5+ 22. Nc3 Bb4 23. O-O Bxc3 24. bxc3 Qxc3 25. Rab1 Qxd4+ 26. Kh1 Nd5 27.
Rfd1 Qc5 28. Qb2 b6 29. Qe5+ Qc7 30. Qxg7 Qc3 31. Qxc3 Nxc3 32. Rxd8+ Rxd8 33.
Rc1 Rd3 34. Kg2 Rd2+ 35. Kh3 Nd5 36. a4 Rd3 37. Bxd5 exd5 38. Kg4 Ra3 39. Kg5
Rxa4 40. Kf6 Rc4 41. Rd1 Rc7 42. Rxd5 a5 43. Rd4 b5 44. Rd5 Rb7 45. Ke5 Kc7 46.
Kd4 Kc6 47. Rc5+ Kb6 48. Rd5 Rc7 49. f5 a4 50. fxg6 fxg6 51. Re5 a3 52. Re2 b4
53. Ra2 Kb5 54. h4 Ka4 55. Re2 b3 56. Kd5 a2 0-1

[Event "IV Torneo A Settembre Vomero"]
[Site "Napoli ITA"]
[Date "2007.09.27"]
[Round "1"]
[White "Lombardo, Michele"]
[Black "Schiappoli, Dario"]
[Result "1-0"]
[WhiteElo "2002"]
[BlackElo "1936"]
[PlyCount "67"]
[EventDate "2007.09.27"]

1. e4 c5 2. Nc3 Nc6 3. g3 g6 4. Bg2 Bg7 5. d3 d6 6. Be3 Nd4 7. Qd2 e6 8. Nd1
Ne7 9. c3 Ndc6 10. Bh6 O-O 11. h4 Kh8 12. h5 Bxh6 13. Qxh6 Ng8 14. Qe3 Qf6 15.
Ne2 Bd7 16. f4 Rae8 17. Nf2 e5 18. Bh3 Bxh3 19. Rxh3 Qe6 20. g4 Nf6 21. hxg6
fxg6 22. f5 gxf5 23. gxf5 Qf7 24. Ng1 Rg8 25. Nf3 b5 26. Rh1 Rg3 27. O-O-O Qxa2
28. Qh6 Qf7 29. Ng5 Rxg5 30. Qxg5 Rg8 31. Qh6 d5 32. exd5 Nxd5 33. Qxc6 Ne3 34.
Qxc5 1-0

[Event "IV Torneo A Settembre Vomero"]
[Site "Napoli ITA"]
[Date "2007.09.27"]
[Round "1"]
[White "Radice, Mario"]
[Black "Esposito, Rosario"]
[Result "0-1"]
[WhiteElo "1982"]
[BlackElo "1916"]
[PlyCount "76"]
[EventDate "2007.09.27"]

1. e4 c5 2. Nf3 e6 3. d4 cxd4 4. Nxd4 Nc6 5. Nc3 a6 6. Be2 Qc7 7. O-O Nf6 8.
Be3 Bb4 9. Nxc6 bxc6 10. Qd3 O-O 11. Na4 a5 12. c4 Bd6 13. f4 e5 14. Bb6 Qb8
15. c5 Bc7 16. Bxc7 Qxc7 17. Nb6 Rb8 18. Nc4 Ba6 19. Qc2 Bxc4 20. Bxc4 exf4 21.
Rad1 Ng4 22. Rd6 Ne3 23. Qd3 Nxf1 24. Rxd7 Qe5 25. Kxf1 Qxb2 26. Rc7 Qc1+ 27.
Kf2 Rb2+ 28. Kf3 Rd2 29. Qb3 Rc2 30. Bxf7+ Kh8 31. Qe6 Qe3+ 32. Kg4 Rxg2+ 33.
Kf5 Qxc5+ 34. e5 Qc2+ 35. Kxf4 Qd2+ 36. Ke4 Re2+ 37. Kf5 Qd3+ 38. Kg4 Qe4+ 0-1

[Event "IV Torneo A Settembre Vomero"]
[Site "Napoli ITA"]
[Date "2007.10.04"]
[Round "2"]
[White "Altieri, Danilo Mario"]
[Black "Della Ragione, Achille"]
[Result "0-1"]
[WhiteElo "1967"]
[BlackElo "2026"]
[PlyCount "120"]
[EventDate "2007.09.27"]

1. Nf3 d5 2. g3 c5 3. Bg2 Nc6 4. c3 e5 5. d3 f5 6. e4 dxe4 7. dxe4 Qxd1+ 8.
Kxd1 Nf6 9. exf5 Bxf5 10. Be3 e4 11. Nh4 Bg4+ 12. f3 exf3 13. Bxf3 O-O-O+ 14.
Ke2 Ne5 15. Nd2 Bd6 16. h3 Nxf3 17. Nhxf3 Bd7 18. Ng5 Rhf8 19. Nge4 Bb5+ 20.
Ke1 Rfe8 21. Nxd6+ Rxd6 22. Kf2 Rd3 23. Nf1 Ne4+ 24. Kf3 Bc6 25. Ke2 c4 26. Rg1
Ng5 27. g4 Nxh3 28. Rg3 Ng5 29. Rd1 Rxd1 30. Kxd1 Ne4 31. Rg1 b6 32. Bd4 Re7
33. Ne3 Nd6 34. Nf5 Nxf5 35. gxf5 Bd7 36. Rxg7 Rxg7 37. Bxg7 Bxf5 38. b3 Bb1
39. bxc4 Bxa2 40. c5 bxc5 41. Bf8 c4 42. Ke2 Bb1 43. Ke3 Kb7 44. Kd4 Bd3 45.
Kc5 Kc7 46. Bd6+ Kd7 47. Kd5 h5 48. Bc5 a5 49. Kd4 Kc6 50. Be7 Kd7 51. Bc5 Ke6
52. Bb6 a4 53. Bc5 h4 54. Ke3 h3 55. Kf2 Kd5 56. Bb4 Be4 57. Kg3 Bg2 58. Kf2
Ke4 59. Bd6 Kd3 60. Ke1 a3 0-1

[Event "IV Torneo A Settembre Vomero"]
[Site "Napoli ITA"]
[Date "2007.10.04"]
[Round "2"]
[White "Caiazzo, Diego"]
[Black "Iodice, Fabio"]
[Result "1/2-1/2"]
[WhiteElo "2070"]
[BlackElo "1986"]
[PlyCount "51"]
[EventDate "2007.09.27"]

1. d4 d5 2. Nf3 Nf6 3. e3 Bf5 4. Bd3 Bxd3 5. Qxd3 e6 6. c3 Be7 7. O-O O-O 8.
Nbd2 Nbd7 9. e4 dxe4 10. Nxe4 c5 11. Nxf6+ Nxf6 12. Qe2 Qc7 13. Bg5 Rac8 14.
Bh4 Rfd8 15. Bg3 Bd6 16. Bxd6 Qxd6 17. Rfd1 cxd4 18. Rxd4 Qc7 19. Rad1 Rxd4 20.
Rxd4 Rd8 21. Qd2 Rxd4 22. Qxd4 a6 23. h3 Nd7 24. Nd2 Nf6 25. Nf3 Nd7 26. Nd2
1/2-1/2

[Event "IV Torneo A Settembre Vomero"]
[Site "Napoli ITA"]
[Date "2007.10.04"]
[Round "2"]
[White "Cosenza, Gianni"]
[Black "Chiummo, Sergio"]
[Result "1/2-1/2"]
[WhiteElo "2014"]
[BlackElo "1939"]
[PlyCount "100"]
[EventDate "2007.09.27"]

1. e4 e6 2. d4 d5 3. Nd2 Be7 4. Bd3 c5 5. c3 Nf6 6. e5 Nfd7 7. Qg4 O-O 8. Ndf3
f5 9. Qg3 Nc6 10. Ne2 cxd4 11. cxd4 Nb4 12. Bb1 Qc7 13. O-O Kh8 14. Nc3 a6 15.
Rd1 Rg8 16. Bg5 Nf8 17. a3 Nc6 18. Na4 h6 19. Bxe7 Nxe7 20. Bd3 Bd7 21. Rac1
Qd8 22. Nc5 Bc6 23. Qh3 Neg6 24. g3 Qe8 25. Rc3 Nd7 26. b4 Nxc5 27. Rxc5 Nf8
28. Rdc1 Nd7 29. R5c2 Nb6 30. Ng5 Rf8 31. Be2 Qe7 32. Nf3 Nc4 33. Nh4 Kh7 34.
Rc3 g5 35. Ng2 b5 36. g4 Bd7 37. gxf5 exf5 38. Bd3 Kg7 39. f4 g4 40. Qg3 a5 41.
h3 h5 42. hxg4 hxg4 43. Qh4 Qxh4 44. Nxh4 axb4 45. axb4 Ra6 46. Kf2 Rh6 47. Kg3
Rh5 48. R3c2 Ra8 49. Rc3 Ra4 50. Rb1 Kf7 1/2-1/2

[Event "IV Torneo A Settembre Vomero"]
[Site "Napoli ITA"]
[Date "2007.10.04"]
[Round "2"]
[White "Della Corte, Alessandro"]
[Black "Lombardo, Michele"]
[Result "1-0"]
[WhiteElo "2260"]
[BlackElo "2002"]
[PlyCount "73"]
[EventDate "2007.09.27"]

1. e4 g6 2. d4 Bg7 3. Nf3 c6 4. c3 d5 5. Nbd2 Bg4 6. Bd3 e6 7. O-O Ne7 8. h3
Bxf3 9. Nxf3 Nd7 10. Re1 a6 11. Bg5 O-O 12. Qb3 b5 13. exd5 cxd5 14. Bxe7 Qxe7
15. Qxd5 Nb6 16. Qb3 Qd6 17. Ne5 Rfc8 18. h4 Nd5 19. Be4 Rab8 20. Bxd5 exd5 21.
a3 a5 22. Nd3 Rc4 23. Re2 Bf6 24. h5 gxh5 25. Ne5 Rbc8 26. Rae1 b4 27. cxb4
axb4 28. Qg3+ Bg7 29. Qh3 bxa3 30. bxa3 R4c7 31. Qxh5 Qxa3 32. Re3 Qb4 33. Nd3
Qxd4 34. Re8+ Rxe8 35. Rxe8+ Bf8 36. Qg5+ Qg7 37. Rxf8+ 1-0

[Event "IV Torneo A Settembre Vomero"]
[Site "Napoli ITA"]
[Date "2007.10.04"]
[Round "2"]
[White "Esposito, Rosario"]
[Black "Ficco, Corrado"]
[Result "0-1"]
[WhiteElo "1916"]
[BlackElo "2158"]
[PlyCount "66"]
[EventDate "2007.09.27"]

1. d4 e6 2. c4 f5 3. Nf3 Nf6 4. g3 d5 5. Bg2 c6 6. O-O Bd6 7. b3 Qe7 8. Bb2 b6
9. Qc1 Bb7 10. Ba3 Nbd7 11. Bxd6 Qxd6 12. Qa3 Ke7 13. Ng5 Qxa3 14. Nxa3 Rhc8
15. Rfc1 h6 16. Nh3 g5 17. Rc2 c5 18. Rac1 cxd4 19. cxd5 Rxc2 20. Rxc2 Bxd5 21.
Nb5 Bxg2 22. Kxg2 e5 23. f4 gxf4 24. gxf4 Rg8+ 25. Kh1 a6 26. fxe5 axb5 27.
exf6+ Kxf6 28. Rc6+ Ke5 29. Nf2 Kf4 30. Nd3+ Ke3 31. Rd6 Nc5 32. Rxb6 Nxd3 33.
Re6+ Kf2 0-1

[Event "IV Torneo A Settembre Vomero"]
[Site "Napoli ITA"]
[Date "2007.10.04"]
[Round "2"]
[White "Longobardi, Giuseppe"]
[Black "De Rosa, Francesco"]
[Result "0-1"]
[WhiteElo "2017"]
[BlackElo "1911"]
[PlyCount "98"]
[EventDate "2007.09.27"]

1. c4 e5 2. g3 Nf6 3. Nc3 d5 4. cxd5 Nxd5 5. Bg2 Nb6 6. Nf3 Nc6 7. O-O Be6 8.
d3 Be7 9. a3 a5 10. Be3 Nd5 11. Nxd5 Bxd5 12. Qa4 O-O 13. Rac1 f6 14. Rc2 Qd7
15. Rfc1 Rfc8 16. Qb5 Rab8 17. Nd2 Rd8 18. Bxd5+ Qxd5 19. Qc4 Qxc4 20. Rxc4 Rd5
21. Ne4 Kf7 22. Kg2 Ra8 23. g4 g6 24. Nc5 Nd8 25. f3 b6 26. Ne4 Ne6 27. Nc3 Rd7
28. Nb5 c5 29. a4 h5 30. h3 f5 31. Rh1 Rh8 32. Rh2 Bg5 33. Bxg5 Nxg5 34. h4 Ne6
35. g5 Rhd8 36. Kf2 Nd4 37. Rh1 Nxb5 38. axb5 Rd4 39. b3 Ke6 40. Rhc1 Rxc4 41.
bxc4 Rd4 42. Kg3 e4 43. Rc3 exd3 44. exd3 Ke5 45. Ra3 f4+ 46. Kf2 Rd8 47. Ke2
Kd4 48. Ra1 Re8+ 49. Kd2 Re3 0-1

[Event "IV Torneo A Settembre Vomero"]
[Site "Napoli ITA"]
[Date "2007.10.04"]
[Round "2"]
[White "Pinto, Gaetano"]
[Black "Supino, Domenico"]
[Result "0-1"]
[WhiteElo "2083"]
[BlackElo "1972"]
[PlyCount "48"]
[EventDate "2007.09.27"]

1. d4 d5 2. c4 e6 3. Nc3 c5 4. cxd5 exd5 5. Nf3 Nf6 6. g3 Nc6 7. Bg2 Be7 8. O-O
O-O 9. Bg5 cxd4 10. Nxd4 h6 11. Be3 Re8 12. Qa4 Bd7 13. Rfd1 Nb4 14. Qb3 a5 15.
a4 Bg4 16. Rd2 Qd7 17. Rad1 Rad8 18. Nc2 Be6 19. Bd4 Ne4 20. Nxe4 dxe4 21. Qe3
Nxc2 22. Rxc2 Qxa4 23. Qxe4 Rxd4 24. Rxd4 Qa1+ 0-1

[Event "IV Torneo A Settembre Vomero"]
[Site "Napoli ITA"]
[Date "2007.10.04"]
[Round "2"]
[White "Radice, Mario"]
[Black "Capozzoli, Silvio"]
[Result "1/2-1/2"]
[WhiteElo "1982"]
[BlackElo "1970"]
[PlyCount "77"]
[EventDate "2007.09.27"]

1. e4 c5 2. Nf3 a6 3. c4 Nc6 4. d4 cxd4 5. Nxd4 Nf6 6. Nc3 g6 7. Be2 Bg7 8. Be3
O-O 9. Qd2 d6 10. O-O Ng4 11. Bxg4 Bxg4 12. f4 Qa5 13. h3 Bd7 14. Rad1 Rad8 15.
Nb3 Bxc3 16. Nxa5 Bxd2 17. Bxd2 Nxa5 18. Bxa5 Rc8 19. e5 Rxc4 20. exd6 exd6 21.
Rxd6 Bc6 22. Bc3 Re4 23. Be5 Re2 24. Rf2 Re1+ 25. Kh2 h5 26. Rfd2 g5 27. Rh6 f6
28. Bxf6 gxf4 29. Rh8+ Kf7 30. Rxf8+ Kxf8 31. Bg5 f3 32. Rf2 Re2 33. Rxe2 fxe2
34. Bd2 Bd5 35. a3 Kf7 36. g3 Ke6 37. Kg1 Kf5 38. Kf2 Bc4 39. Kf3 1/2-1/2

[Event "IV Torneo A Settembre Vomero"]
[Site "Napoli ITA"]
[Date "2007.10.04"]
[Round "2"]
[White "Vannini, Aldo"]
[Black "Improta, Giovanni"]
[Result "1-0"]
[WhiteElo "1959"]
[BlackElo "1935"]
[PlyCount "86"]
[EventDate "2007.09.27"]

1. d4 g6 2. c4 Bg7 3. Nf3 d6 4. e4 Nd7 5. Nc3 c5 6. Be2 cxd4 7. Nxd4 Ne5 8. O-O
h5 9. Nf3 Nxf3+ 10. Bxf3 h4 11. Be3 h3 12. g3 Nf6 13. c5 O-O 14. cxd6 Qxd6 15.
Qxd6 exd6 16. Bd4 Bg4 17. Bh1 Rfe8 18. f3 Bd7 19. Rac1 Bc6 20. Rfd1 a6 21. Kf2
d5 22. exd5 Bb5 23. Ne4 Nxe4+ 24. fxe4 Bxd4+ 25. Rxd4 Rac8 26. Rcd1 Rc2+ 27.
R4d2 Rec8 28. Ke3 Kf8 29. Bf3 Bd7 30. Kf4 f6 31. g4 f5 32. gxf5 gxf5 33. e5
R2c4+ 34. Kg3 f4+ 35. Kf2 Bf5 36. d6 b6 37. Bd5 Rc2 38. Kf3 Ke8 39. Kxf4 Bd7
40. e6 Rxd2 41. Rxd2 Bc6 42. d7+ Bxd7 43. exd7+ Kxd7 1-0

[Event "IV Torneo A Settembre Vomero"]
[Site "Napoli ITA"]
[Date "2007.10.11"]
[Round "3"]
[White "De Rosa, Francesco"]
[Black "Cosenza, Gianni"]
[Result "1-0"]
[WhiteElo "1911"]
[BlackElo "2014"]
[PlyCount "55"]
[EventDate "2007.09.27"]

1. d4 d5 2. c4 c6 3. Nf3 Nf6 4. Nc3 e6 5. g3 Nbd7 6. Bg2 Be7 7. O-O O-O 8. Nd2
Re8 9. e4 dxe4 10. Ndxe4 Nxe4 11. Nxe4 Nf6 12. Bg5 Nxe4 13. Bxe7 Rxe7 14. Bxe4
Rd7 15. Qb3 Rxd4 16. Rad1 e5 17. Rxd4 exd4 18. Qd3 g6 19. c5 Be6 20. Rd1 Qa5
21. Qxd4 Qxa2 22. h4 Qc4 23. Qe5 Qe2 24. Rd3 Bc4 25. Rf3 Qe1+ 26. Kh2 Bd5 27.
Rf4 f5 28. Bxd5+ 1-0

[Event "IV Torneo A Settembre Vomero"]
[Site "Napoli ITA"]
[Date "2007.10.11"]
[Round "3"]
[White "Ficco, Corrado"]
[Black "Della Corte, Alessandro"]
[Result "1/2-1/2"]
[WhiteElo "2158"]
[BlackElo "2260"]
[PlyCount "122"]
[EventDate "2007.09.27"]

1. e4 c5 2. Nf3 Nc6 3. d4 cxd4 4. Nxd4 Qb6 5. Nxc6 bxc6 6. Bd3 Nf6 7. O-O e5 8.
Nd2 Qc7 9. Nc4 Bc5 10. Bg5 d6 11. Bxf6 gxf6 12. Qf3 Ke7 13. Ne3 Rg8 14. Rae1
Rg5 15. h4 Rg7 16. c3 a5 17. g3 Bh3 18. Nf5+ Bxf5 19. exf5 Rag8 20. Kh2 Rg4 21.
Re4 Rxe4 22. Bxe4 d5 23. Bc2 e4 24. Re1 Kf8 25. Bxe4 dxe4 26. Rxe4 Qd7 27. Qf4
Kg7 28. h5 h6 29. b4 axb4 30. cxb4 Ba7 31. Kg2 Qd5 32. Qf3 Qxa2 33. Re7 Kh7 34.
Re2 Qc4 35. Re4 Qd5 36. Re7 Bb6 37. Qxd5 cxd5 38. Rxf7+ Rg7 39. Rxf6 Bc7 40.
Kf3 Re7 41. b5 d4 42. b6 Be5 43. Re6 Rxe6 44. fxe6 Kg7 45. Ke4 d3 46. Kxd3 Kf6
47. f4 Bd6 48. Ke4 Kxe6 49. b7 Bb8 50. g4 Kf6 51. f5 Bh2 52. Kd5 Bb8 53. Kc6
Ke7 54. Kb6 Kf8 55. Kc5 Ke7 56. Kc6 Bf4 57. Kb6 Bb8 58. Kc6 Bf4 59. Kd5 Kf6 60.
Ke4 Bh2 61. Kf3 Bb8 1/2-1/2

[Event "IV Torneo A Settembre Vomero"]
[Site "Napoli ITA"]
[Date "2007.10.11"]
[Round "3"]
[White "Lombardo, Michele"]
[Black "Vannini, Aldo"]
[Result "1-0"]
[WhiteElo "2002"]
[BlackElo "1959"]
[PlyCount "86"]
[EventDate "2007.09.27"]

1. e4 e6 2. d4 d5 3. exd5 exd5 4. Bd3 Nf6 5. Ne2 Be7 6. Bf4 Nbd7 7. Nd2 a6 8.
Ng3 Nf8 9. Nf3 Ng6 10. Bd2 O-O 11. O-O c5 12. c3 cxd4 13. Nxd4 Qb6 14. Qb3 Qxb3
15. axb3 Ne5 16. Bc2 Nc6 17. Ndf5 Bc5 18. b4 Ba7 19. Nd6 b5 20. Nxc8 Rfxc8 21.
Bg5 Ne8 22. Bf5 Rcb8 23. Rfd1 h6 24. Be3 Bxe3 25. fxe3 Nf6 26. Ne2 Ne5 27. Nf4
Rd8 28. Kf2 g6 29. Bc2 g5 30. Ne2 Nfg4+ 31. Kg1 Nxe3 32. Rdc1 Nxc2 33. Rxc2 Nc4
34. Nd4 Re8 35. Rf2 Kg7 36. Raf1 Ne5 37. Nf5+ Kg6 38. Nd4 Kh5 39. Rf6 Ra7 40.
h3 Rh8 41. g3 a5 42. Nf5 g4 43. Ng7+ Kg5 1-0

[Event "IV Torneo A Settembre Vomero"]
[Site "Napoli ITA"]
[Date "2007.10.11"]
[Round "3"]
[White "Longobardi, Giuseppe"]
[Black "Pinto, Gaetano"]
[Result "0-1"]
[WhiteElo "2017"]
[BlackElo "2083"]
[PlyCount "24"]
[EventDate "2007.09.27"]

1. c4 c6 2. d4 d5 3. e3 Nf6 4. Nc3 e6 5. a3 Nbd7 6. Nf3 Bd6 7. Be2 O-O 8. O-O
dxc4 9. Bxc4 e5 10. Nxe5 Nxe5 11. dxe5 Bxe5 12. Qf3 Bg4 0-1

[Event "IV Torneo A Settembre Vomero"]
[Site "Napoli ITA"]
[Date "2007.10.11"]
[Round "3"]
[White "Ricci, Giuseppe"]
[Black "Chiummo, Sergio"]
[Result "0-1"]
[WhiteElo "1956"]
[BlackElo "1939"]
[PlyCount "60"]
[EventDate "2007.09.27"]

1. e4 e6 2. d4 d5 3. e5 c5 4. c3 Nc6 5. Nf3 Bd7 6. Be2 Nge7 7. O-O Ng6 8. Be3
cxd4 9. cxd4 Be7 10. Nc3 a6 11. Rc1 Rc8 12. g3 O-O 13. h4 f6 14. h5 Nh8 15. Kg2
fxe5 16. dxe5 Nf7 17. Bf4 Na5 18. Bd3 Nc4 19. Bb1 Nh8 20. Qc2 Rf5 21. g4 Rxf4
22. Qxh7+ Kf7 23. Bg6+ Nxg6 24. Qxg6+ Kg8 25. h6 Qf8 26. Ng5 Bxg5 27. Qxg5 Nxe5
28. h7+ Kh8 29. Qxe5 Rxg4+ 30. Kh3 Qf3+ 0-1

[Event "IV Torneo A Settembre Vomero"]
[Site "Napoli ITA"]
[Date "2007.10.11"]
[Round "3"]
[White "Supino, Domenico"]
[Black "Caiazzo, Diego"]
[Result "1/2-1/2"]
[WhiteElo "1972"]
[BlackElo "2070"]
[PlyCount "53"]
[EventDate "2007.09.27"]

1. e4 e6 2. d4 d5 3. Nc3 dxe4 4. Nxe4 Nd7 5. Nf3 Ngf6 6. Bd3 Nxe4 7. Bxe4 Nf6
8. Bd3 c5 9. O-O Be7 10. dxc5 Bxc5 11. Ne5 O-O 12. Qe2 Qc7 13. Bf4 Bd6 14. c4
b6 15. Rad1 Bb7 16. a3 Rfd8 17. b4 Rac8 18. Rfe1 g6 19. Bg3 Nh5 20. Bh4 Re8 21.
Ng4 Be7 22. Bxe7 Qxe7 23. Qe5 f6 24. Qe3 Kh8 25. f4 Qf7 26. Nh6 Qf8 27. Ng4
1/2-1/2

[Event "IV Torneo A Settembre Vomero"]
[Site "Napoli ITA"]
[Date "2007.10.18"]
[Round "4"]
[White "Altieri, Danilo Mario"]
[Black "Vannini, Aldo"]
[Result "1-0"]
[WhiteElo "1967"]
[BlackElo "1959"]
[PlyCount "49"]
[EventDate "2007.09.27"]

1. d4 d5 2. Nf3 Nf6 3. c3 e6 4. Bg5 Be7 5. e3 c6 6. Bxf6 Bxf6 7. Bd3 Nd7 8.
Nbd2 Be7 9. O-O Nf6 10. Ne5 O-O 11. f4 c5 12. g4 Qc7 13. g5 Nd7 14. Bxh7+ Kxh7
15. Qh5+ Kg8 16. Rf3 g6 17. Qh6 Bxg5 18. Qxg5 Nxe5 19. fxe5 f5 20. exf6 Qh7 21.
f7+ Rxf7 22. Qd8+ Kg7 23. Rxf7+ Kxf7 24. Rf1+ Kg7 25. Qf8# 1-0

[Event "IV Torneo A Settembre Vomero"]
[Site "Napoli ITA"]
[Date "2007.10.18"]
[Round "4"]
[White "Caiazzo, Diego"]
[Black "Lombardo, Michele"]
[Result "0-1"]
[WhiteElo "2070"]
[BlackElo "2002"]
[PlyCount "100"]
[EventDate "2007.09.27"]

1. d4 Nf6 2. Nf3 g6 3. Nbd2 Bg7 4. e4 d6 5. Bc4 O-O 6. O-O d5 7. exd5 Nxd5 8.
c3 Bg4 9. h3 Bxf3 10. Nxf3 e6 11. Qe2 c6 12. Bg5 Qd6 13. Rad1 Nd7 14. Rfe1 a5
15. Qd2 Qc7 16. Bxd5 cxd5 17. Bf4 Qc6 18. Ne5 Nxe5 19. dxe5 b5 20. Qd4 Rfc8 21.
a3 Rab8 22. Qd2 Qc4 23. Bg3 Qc7 24. f4 Qb7 25. Bf2 Bh6 26. Bd4 b4 27. axb4 axb4
28. Rf1 Bf8 29. Ra1 Bc5 30. Bxc5 Rxc5 31. cxb4 Rc4 32. b5 Qxb5 33. Rf2 d4 34.
Qa5 Qc6 35. Qd2 Qd5 36. Ra5 Qd7 37. Ra6 Rcb4 38. Rd6 Qa4 39. Kh2 Kg7 40. Qd3
Rxb2 41. Rxb2 Rxb2 42. Rxd4 Qa2 43. Qf3 Rf2 44. Qg3 h5 45. h4 Rf1 46. Qd3 Qf2
47. f5 exf5 48. e6 f4 49. Qxf1 Qxf1 50. e7 f3 0-1

[Event "IV Torneo A Settembre Vomero"]
[Site "Napoli ITA"]
[Date "2007.10.18"]
[Round "4"]
[White "Chiummo, Sergio"]
[Black "Della Ragione, Achille"]
[Result "0-1"]
[WhiteElo "1939"]
[BlackElo "2026"]
[PlyCount "80"]
[EventDate "2007.09.27"]

1. c4 c5 2. Nc3 Nc6 3. g3 g6 4. Bg2 Bg7 5. d3 d6 6. Rb1 Rb8 7. a3 a5 8. e3 e6
9. Nge2 Nge7 10. O-O O-O 11. e4 f5 12. Nb5 h6 13. f4 b6 14. Be3 e5 15. Nec3 Nd4
16. Kh1 Kh7 17. b4 axb4 18. axb4 Bb7 19. bxc5 bxc5 20. Nd5 Bxd5 21. Bxd4 Bc6
22. Be3 Bxb5 23. cxb5 Qd7 24. Qb3 Rb6 25. Bh3 Rc8 26. Qf7 Qe8 27. Qxe8 Rxe8 28.
Rb3 Reb8 29. Rfb1 exf4 30. gxf4 Kg8 31. Bg2 Kf7 32. e5 Ke6 33. d4 c4 34. d5+
Nxd5 35. Bxd5+ Kxd5 36. Bxb6 cxb3 37. Bc7 Rxb5 38. exd6 Kc6 39. Kg2 b2 40. Kf3
Rc5 0-1